000 00372nam a22001457a 4500
008 250414b |||||||| |||| 00| 0 eng d
020 _a0256022801
050 _aHF5343
_b.P64
100 _aPOE Jerry B.
245 _aAn Introduction to the American Business Enterprise
250 _a4
260 _aUSA.
_bLibrary of Congress
_c1986
300 _axiii, 459p.
942 _cBK
999 _c2972
_d2972